000 00643nam a2200217 a 4500
999 _c2407
_d2407
001 2407
003 BD-JhCC
005 20171102093217.0
008 171102s1967 bg |||| ||a| 000 0 ben d
035 _a(BD-JhCC)2407
040 _aBD-JhCC
_dBD-JhCC
041 _aben
082 _a920.02
_bFRE 1967
100 _aফ্রীডম্যান, রাসেল
245 _aকিশোর মনীষী /
_cরাসেল ফ্রীডম্যান
260 _aঢাকা :
_bওসমানিয়া বুক ডিপো,
_c1967.
300 _a200 p. :
_c22 cm.
650 _aYouth
942 _2ddc
_cBK